LEADER 02606nam 2200625 a 450 001 9910458981103321 005 20200520144314.0 010 $a1-283-04069-7 010 $a9786613040695 010 $a1-136-83161-4 010 $a0-203-83176-4 035 $a(CKB)2560000000060141 035 $a(EBL)652849 035 $a(OCoLC)707067651 035 $a(SSID)ssj0000474576 035 $a(PQKBManifestationID)11315626 035 $a(PQKBTitleCode)TC0000474576 035 $a(PQKBWorkID)10454154 035 $a(PQKB)10718811 035 $a(MiAaPQ)EBC652849 035 $a(Au-PeEL)EBL652849 035 $a(CaPaEBR)ebr10452474 035 $a(CaONFJC)MIL304069 035 $a(EXLCZ)992560000000060141 100 $a20100812d2011 uy 0 101 0 $aeng 135 $aur|n|---||||| 181 $ctxt 182 $cc 183 $acr 200 00$aWorldCALL$b[electronic resource] $einternational perspectives on computer-assisted language learning /$fedited by Mike Levy ... [et al.] 210 $aNew York $cRoutledge$d2011 215 $a1 online resource (344 p.) 225 1 $aRoutledge studies in computer assisted language learning ;$v5 300 $aDescription based upon print version of record. 311 $a1-138-81055-X 311 $a0-415-88086-6 320 $aIncludes bibliographical references and index. 327 $apt. 1. New technologies, new pedagogies -- pt. 2. Developing language skills through technology -- pt. 3. Materials design and development -- pt. 4. Learner training -- pt. 5. Teacher education. 330 $aAs technological innovation continues to affect language pedagogy, there is an increasing demand for information, exemplars, analysis and guidance. This edited volume focuses on international perspectives in Computer-Assisted Language Learning (CALL) in all of its forms, including Technology Enhanced Language Learning, Network-Based Language Learning, Information and Communication Technologies for Language Learning. 410 0$aRoutledge studies in computer assisted language learning ;$v5. 606 $aLanguage and languages$xComputer-assisted instruction 606 $aLanguage and languages$xGlobalization 608 $aElectronic books. 615 0$aLanguage and languages$xComputer-assisted instruction. 615 0$aLanguage and languages$xGlobalization. 676 $a418.0078/5 701 $aLevy$b Mike$f1953-$0947456 801 0$bMiAaPQ 801 1$bMiAaPQ 801 2$bMiAaPQ 906 $aBOOK 912 $a9910458981103321 996 $aWorldCALL$92292010 997 $aUNINA LEADER 01729oam 2200469M 450 001 9910716288003321 005 20200213071005.6 035 $a(CKB)5470000002519242 035 $a(OCoLC)1065636583 035 $a(OCoLC)995470000002519242 035 $a(EXLCZ)995470000002519242 100 $a20071213d1926 ua 0 101 0 $aeng 135 $aurcn||||||||| 181 $ctxt$2rdacontent 182 $cc$2rdamedia 183 $acr$2rdacarrier 200 10$aElectric light and power within the District of Hana. January 8, 1926. -- Committed to the Committee of the Whole House and ordered to be printed 210 1$a[Washington, D.C.] :$c[U.S. Government Printing Office],$d1926. 215 $a1 online resource (1 pages) 225 1 $aHouse report / 69th Congress, 1st session. House ;$vno. 72 225 1 $a[United States congressional serial set] ;$v[serial no. 8531] 300 $aBatch processed record: Metadata reviewed, not verified. Some fields updated by batch processes. 300 $aFDLP item number not assigned. 606 $aConcessions 606 $aElectric lighting 606 $aElectric power 606 $aElectric utilities 608 $aLegislative materials.$2lcgft 615 0$aConcessions. 615 0$aElectric lighting. 615 0$aElectric power. 615 0$aElectric utilities. 701 $aJarrett$b William Paul$f1877-1929.$01402448 801 0$bWYU 801 1$bWYU 801 2$bOCLCO 801 2$bOCLCQ 906 $aBOOK 912 $a9910716288003321 996 $aElectric light and power within the District of Hana. January 8, 1926. -- Committed to the Committee of the Whole House and ordered to be printed$93472946 997 $aUNINA